000 00527nam a22002057a 4500
003 OSt
005 20140310181723.0
008 130307t xxu||||| |||| 00| 0 eng d
020 _a9719270810
050 _aPL 6057
_b.N532 2004
082 _aIB 499.21103
_bN44 2004
245 _aThe New English-Filipino dictionary :
_cChe New.
250 _amillennium ed.
260 _aManila
_bMecs Publishing House
_c2004
300 _av.
_c28 cm.
521 _aIB Students
541 _j1
562 _e1
942 _2lcc
_cIB
_kIB
999 _c2085
_d2085